What when wrong with money laundering law?
Saved in:
| Hovedforfatter: | |
|---|---|
| Format: | Bog |
| Sprog: | engelsk |
| Udgivet: |
Londres
Palgrave Macmillan
2016
|
| Udgivelse: | 1a. ed |
| Serier: | Pivot
|
| Fag: | |
| Tags: |
Tilføj Tag
Ingen Tags, Vær først til at tagge denne postø!
|
MARC
| LEADER | 00000cam a2200000 a 4500 | ||
|---|---|---|---|
| 001 | UCC3758 | ||
| 003 | CL-VaPUC | ||
| 008 | 180615e20160000uk |||||||||||||||||eng|d | ||
| 020 | |a 9781137525352 | ||
| 082 | 0 | 4 | |a 346.06 |b ALL |2 21 |
| 100 | 0 | |a Alldridge, Peter |e author |9 597873 | |
| 245 | 1 | 0 | |a What when wrong with money laundering law? |
| 250 | |a 1a. ed | ||
| 300 | |a 81 p | ||
| 942 | |c BK | ||
| 945 | |d 20180615 12:36:00 |a dcastane | ||
| 260 | |a Londres |b Palgrave Macmillan |c 2016 | ||
| 650 | 7 | |a LAVADO DE DINERO |2 CL-VaPUC |9 418443 | |
| 650 | 7 | |a CONFIABILIDAD |2 CL-VaPUC |9 373011 | |
| 583 | |a last modification |c 20180615 12:36:00 |k Rodrigo Vera | ||
| 490 | 0 | |a Pivot | |
| 999 | |c 371442 |d 371440 | ||
| 952 | |0 0 |1 0 |3 erd |4 0 |6 346_060000000000000_ALL_2016 |7 0 |8 A |9 488441 |a BIBDER |b BIBDER |i 5474957 |o 346.06 ALL 2016 |p 5474957 |r 2023-01-25 |w 2019-11-24 |y BK |z Catalogado en:20180615 |k DER | ||